000
00254nam a2200109Ia 4500
005
20251222143226.0
008
251222s9999||||xx |||||||||||||| ||spa||
082
_a
818.53/B86/1973
100
_a
"Buck, Pearl S."
245
0
_a
Hombres de Dios
942
_c
LIB
999
_c
14002
_d
14002